000 00443nam a2200169Ia 4500
003 GCL
008 140319s9999 xx 000 0 ara d
040 _aGCL /
_cGCL
082 0 4 _aط
_b813.02
_bج ع
100 1 _aجميل يوسف
245 1 0 _aالعتاد العجيب /
_cجميل يوسف
300 _a24 ص
490 _aقصص وعلوم ممتعة
_v0
650 0 4 _aقصص الاطفال
650 0 4 _aالطفل
942 _2ddc
_cBK
999 _c46296
_d46296